Normal view
MARC view
- Miguel Ángel,
Entry Nombre Personal
001 - NUMERO DE CONTROL
- campo de control: 9489
003 - IDENTIFICADOR DE NUMERO DE CONTROL
- campo de control: UPN
005 - FECHA Y HORA DE LA ÜLTIMA TRANSACCIÓN
- campo de control: 20220809101447.0
008 - DATOS DE LONGITUD FIJA
- campo de control de longitud fija: 220809nn acannaabn n ana d
035 ## - NUMERO DE CONTROL
- Número de control: UPN10000009495
040 ## - FUENTE DE CATALOGACIÓN
- Lenguaje de catalogación: SPA
- Agencia de transcripción: UPN
- Agencia original de catalogación: UPN
053 #4 - NÚMERO DE CLASIFICACIÓN LC
- Número de clasificación elemento-número único o número inicial de tramo: N6923 B9
100 0# - ENCABEZAMIENTO - NOMBRE PERSONAL
- Nombre personal: Miguel Ángel,
- Fechas asociadas con el nombre: 1475-1564
400 1# - VEÁSE - NOMBRE DE PERSONA
- Personal name: Buonarroti, Michelangelo,
- Dates associated with a name: 1475-1564
400 0# - VEÁSE - NOMBRE DE PERSONA
- Personal name: Michelangelo Buonarroti,
- Dates associated with a name: 1475-1564
670 ## - FUENTE EN LA QUE SE LOCALIZARON DATOS
- Cita de la fuente: T
- Información localizada: Salvat universal
902 ## - CATALOGADOR
- Catalogador: CAA/120508
